Season of Migration to the North. (Record no. 3032)

MARC details
000 -LEADER
fixed length control field 00337nam a22001217a 4500
005 - DATE AND TIME OF LATEST TRANSACTION
control field 20200925154345.0
008 - FIXED-LENGTH DATA ELEMENTS--GENERAL INFORMATION
fixed length control field 200925b ||||| |||| 00| 0 eng d
020 ## - INTERNATIONAL STANDARD BOOK NUMBER
International Standard Book Number 0435900668
040 ## - CATALOGING SOURCE
Transcribing agency CML
245 ## - TITLE STATEMENT
Title Season of Migration to the North.
Statement of responsibility, etc. Salih, T.
260 ## - PUBLICATION, DISTRIBUTION, ETC.
Place of publication, distribution, etc. London
Name of publisher, distributor, etc. Heinemann Educational Books Ltd
Date of publication, distribution, etc. 1969
942 ## - ADDED ENTRY ELEMENTS (KOHA)
Source of classification or shelving scheme Dewey Decimal Classification
Koha item type Books
Call number prefix F
Call number suffix SAL

No items available.

Powered by Koha